Statistics for Arkansas Basketball 1,000 Point Scorers

Click here to take the quiz!

General Stats

  • This quiz has been taken 33 times
  • The average score is 8 of 45

Answer Stats

RankPointsYearsAnswer% Correct
123951989-92Todd Day
75%
T4010472014-15Bobby Portis
50%
817281993-95Corliss Williamson
50%
T3610702017-18Daryl Macon
50%
3510872017-18Jaylen Barford
50%
2811462019-20Mason Jones
50%
2512002014-17Moses Kingsley
50%
916741989-92Oliver Miller
50%
517651996-99Pat Bradley
50%
1016501993-95Scotty Thurman
50%
220661976-79Sidney Moncrief
50%
T3610702021-22JD Notae
25%
617531983-85Joe Kleine
25%
319401989-92Lee Mayberry
25%
717421975-78Marvin Delph
25%
3211002013-15Michael Qualls
25%
3111062012-15Rashad Madden
25%
4510061968-70Robert McKenzie
25%
1514401976-78Ron Brewer
25%
1315501987-88, 90-91Ron Huery
25%
1614162004-06Ronnie Brewer
25%
3310971982-84Alvin Robertson
0%
2911442013-16Anthlon Bell
0%
3011301999-02Brandon Dean
0%
2711492005-08Charles Thomas
0%
4410071992-95Clint McDaniel
0%
1913182005-08Darian Townes
0%
1813251981-83Darrell Walker
0%
2013161972-74Dean Tolson
0%
2412471996-99Derek Hood
0%
T4010472016-17Dusty Hannahs
0%
T4010472003-06Eric Ferguson
0%
1116441945-48George Kok
0%
3410901968-70James Eldridge
0%
4310421960-62Jerry Carlton
0%
1215892003-06Jonathan Modica
0%
1414751996-99Kareem Reid
0%
2611621987-90Mario Credit
0%
2212832010-13Marshawn Powell
0%
1713681972-73Martin Terry
0%
3910652007-10Mike Washington
0%
2113062009-11Rotnei Clarke
0%
417791979-82Scott Hastings
0%
3810671961-63Tommy Boyer
0%
2312601978-81U.S. Reed
0%

Score Distribution

Percentile by Number Answered

Percent of People with Each Score

Your Score History

You have not taken this quiz